Beyond traditional peace-keeping? caveats from international theory and from an experiences in Central America /

sin resumen

Salvato in:
Dettagli Bibliografici
Autore principale: Baranyi, Stephen
Natura: testo
Tags: Aggiungi Tag
Nessun Tag, puoi essere il primo ad aggiungerne!!

MARC

LEADER 00000 a a2200000 04500
001 7700
003
040
100 |a Baranyi, Stephen  
245 |a Beyond traditional peace-keeping? caveats from international theory and from an experiences in Central America /  |c Stephen Baranyi  
520 |a sin resumen  
773 |g volumen 5, número 9; páginas 153-166  
999 |c 20398  |d 20398